[Event "45th Olympiad 2024"]
[Site "Budapest HUN"]
[Date "2024.09.11"]
[Round "1.75"]
[Board "2"]
[White "Ammar, Sedrani"]
[Black "Young, Christopher"]
[Result "1-0"]
[WhiteElo "2226"]
[BlackElo "1758"]
[PlyCount "111"]
[EventDate "2024.09.11"]
[WhiteTeam "United Arab Emirates"]
[BlackTeam "Cayman Islands"]
[WhiteTeamCountry "UAE"]
[BlackTeamCountry "CAY"]

1. d4 Nf6 2. c4 g6 3. Nc3 Bg7 4. e4 d6 5. Be2 O-O 6. Nf3 Nbd7 7. O-O e5 8. d5 Nc5 9. Qc2 a5 10. Bg5 Bd7 ({RR} 10... b6 11. Nd2 Qe8 12. Nb5 Na6 13. a3 h6 14. Be3 Ng4 15. Bxg4 Bxg4 16. b4 Bd7 17. bxa5 bxa5 18. Rab1 f5 19. exf5 Bxf5 20. Ne4 g5 21. f3 Bh7 22. h3 Qd7 23. Nbc3 Kh8 24. Rb5 c6 25. dxc6 {1-0 Jussupow,A (2565)-Romanishin,O (2585) URS-ch50 Final 1983 (13)}) 11. b3 h6 12. Be3 ({RR} 12. Bxf6 Bxf6 13. a3 a4 14. b4 Nb3 15. Rab1 Bg7 16. b5 Nc5 17. Nd2 b6 18. Rb4 f5 19. f3 Qg5 20. Rf2 h5 21. Bf1 Bh6 22. Re2 Qf6 23. Re1 Bf4 24. Bd3 Bxh2+ 25. Kf1 Bg3 26. Rd1 Qh4 {0-1 Sidney,W (1889)-Murray,B (2096) 103rd ch-IRL 2024 (4.12)}) 12... Re8 $146 ({RR} 12... Nh5 13. Bxc5 dxc5 14. Rad1 Qe7 15. Nb5 Bxb5 16. cxb5 b6 17. Nd2 Nf6 18. Nc4 Ne8 19. Bd3 Nd6 20. Ne3 h5 21. g3 Rae8 22. Rde1 Bh6 23. Ng2 Qd7 24. a4 Bg7 25. Kh1 Bf6 26. f4 Kg7 27. f5 {0-1 Rakov,P-Puri,V (2235) Toronto PWC op 2009 (3)}) ({RR} 12... Nh5 13. g3 Qe8 14. a3 f5 15. Nd2 Nf6 16. f3 Nh7 17. Bxc5 dxc5 18. exf5 gxf5 19. Bd3 Qh5 20. Kh1 Ng5 21. Rae1 Rae8 22. f4 Nf7 23. Be2 Qg6 24. Nf3 e4 25. Nh4 Qf6 26. Nd1 Ra8 27. a4 {0-1 Hayrapetyan,E (1370)-Etingof,Y (1640) EU-ch U10 27th 2017 (8)}) 13. a3 Ng4 14. Bxc5 dxc5 15. Ne1 f5 16. Nd3 b6 17. Bxg4 fxg4 18. b4 axb4 19. axb4 Bf8 20. bxc5 bxc5 21. Qd2 Kg7 22. Rfb1 Bd6 23. Rxa8 Qxa8 24. Qb2 Qa6 25. Nb5 Bxb5 26. Qxb5 Qxb5 27. Rxb5 Ra8 28. f3 gxf3 29. gxf3 Ra4 30. Nxc5 Rxc4 31. Ne6+ Kf6 32. Kg2 h5 33. h4 Rc2+ 34. Kg3 Rc1 35. Rb8 Rg1+ 36. Kh2 Rf1 37. Kg2 Rc1 38. Rd8 Rc2+ 39. Kh3 Rc3 40. Kg3 Ke7 41. Rg8 Kf7 42. Rg7+ Kf6 43. Rh7 Rc1 44. Kh2 Rc2+ 45. Kh3 Rc1 46. Nd8 Rh1+ 47. Kg2 Rxh4 48. Rf7+ Kg5 49. Ne6+ Kh6 50. Nxc7 Bxc7 51. Rxc7 Kg5 52. d6 Kf6 53. Re7 Rf4 54. Re8 h4 55. d7 h3+ 56. Kh2 1-0

[Event "45th Olympiad 2024"]
[Site "Budapest HUN"]
[Date "2024.09.11"]
[Round "1.76"]
[Board "2"]
[White "Matthew Bailey"]
[Black "Jimenez Garcia, Emmanuel"]
[Result "0-1"]
[WhiteElo "1548"]
[BlackElo "2352"]
[PlyCount "76"]
[EventDate "2024.09.11"]
[WhiteTeam "Antigua and Barbuda"]
[BlackTeam "Costa Rica"]
[BlackTeamCountry "CRI"]

1. e4 c6 2. b3 d5 3. Bb2 e6 ({RR} 3... Nf6 4. e5 Ng8 5. Nc3 e6 6. Qe2 c5 7. f4 Nc6 8. Nf3 Nge7 9. O-O-O a6 10. g4 h5 11. Bh3 Nd4 12. Qf2 Nec6 13. Rde1 Nxf3 14. Qxf3 Nd4 15. Qg2 Bd7 16. gxh5 Rxh5 17. Bg4 Rh6 18. f5 {0-1 Liang,A (2666)-Nakamura,H (2802) Titled Tue 6th Aug Late 2024 (11)}) ({RR} 3... Nf6 4. e5 Ng8 5. Nf3 Bg4 6. h3 Bxf3 7. Qxf3 e6 8. d4 c5 9. Bb5+ Nc6 10. O-O Nh6 11. g4 cxd4 12. Bxd4 a6 13. Bxc6+ bxc6 14. Nc3 Ng8 15. Qe3 h5 16. f3 hxg4 17. fxg4 Rc8 18. Qf3 {½-½ Velez Masero,J (1906)-Sanchez Murcia,D (1828) IV Llinars Int Open 2024 (9.31)}) 4. e5 c5 5. Nf3 $146 ({RR} 5. g3 Ne7 6. Bg2 Nd7 7. Ne2 Nc6 8. f4 Nb6 9. O-O c4 10. d4 Be7 11. Kh1 O-O 12. c3 a5 13. Na3 cxb3 14. axb3 a4 15. c4 axb3 16. cxd5 Nxd5 17. Qxb3 Ncb4 18. g4 Bd7 19. Be4 Bc6 {1-0 Konstacky,M (2057)-Dambrauskaite,J (1909) Pobeskydy op 2008 (4)}) ({RR} 5. f4 g6 6. Nf3 Nc6 7. g3 Bg7 8. Nc3 Nge7 9. Bg2 Bd7 10. O-O O-O 11. Re1 Nf5 12. Ne2 Rc8 13. g4 Nfe7 14. d4 b6 15. Ba3 Nb4 16. c3 Na6 17. Qd3 c4 18. bxc4 dxc4 19. Qd2 Bc6 {½-½ Fiedler,J (2058)-Kopp,B (2199) Verbandsliga Suedbaden 1516 2015 (1.6)}) 5... Ne7 6. c3 Bd7 7. d4 cxd4 8. cxd4 Nbc6 9. Be2 Ng6 10. g3 f6 11. O-O fxe5 12. Nxe5 Ncxe5 13. dxe5 Bc5 14. Nd2 O-O 15. Nf3 Qb6 16. Qd3 Rf5 17. Rac1 Raf8 18. a3 Rxf3 19. Bxf3 Bb5 20. Qc3 Bxf1 21. Rxf1 Bd4 22. Qxd4 Rxf3 23. Qa4 Qxb3 24. Qe8+ Nf8 25. Bc1 Rf7 26. Qb8 b6 27. h4 d4 28. h5 h6 29. Qa8 Qc2 30. Bf4 Qe2 31. Qc6 Qxh5 32. Qe4 Ng6 33. Qxd4 Nxf4 34. gxf4 Qg4+ 35. Kh2 Qh4+ 36. Kg2 Rxf4 37. Qe3 Qg5+ 38. Qg3 Rg4 0-1

[Event "45th Olympiad 2024"]
[Site "Budapest HUN"]
[Date "2024.09.11"]
[Round "1.76"]
[Board "3"]
[White "Cabezas Solano, David Alejandro"]
[Black "Farquhar, Abner"]
[Result "0-1"]
[WhiteElo "2248"]
[BlackElo "1678"]
[PlyCount "102"]
[EventDate "2024.09.11"]
[WhiteTeam "Costa Rica"]
[BlackTeam "Antigua and Barbuda"]
[WhiteTeamCountry "CRI"]

1. d4 d5 2. c4 e6 3. Nc3 Nf6 4. cxd5 exd5 5. Bg5 c6 6. e3 h6 7. Bh4 Be7 8. Qc2 O-O 9. Bd3 Re8 10. Nge2 Ne4 11. Bxe7 Qxe7 12. Bxe4 ({RR} 12. Nxe4 dxe4 13. Bc4 Nd7 14. a3 Nf6 15. O-O Be6 16. Bxe6 Qxe6 17. Rfc1 Nd5 18. Nc3 Rad8 19. Qb3 Re7 20. Ne2 Qg4 21. Qd1 Qg5 22. Rc5 h5 23. Nf4 h4 24. Nxd5 Rxd5 25. Rxd5 cxd5 26. h3 Rc7 {½-½ Khademalsharieh,S (2486)-Navrotescu,A (2222) European Women Rapid 2023 2024 (8.11)}) 12... dxe4 13. O-O Na6 ({RR} 13... Bf5 14. d5 Na6 15. Nd4 Bd7 16. dxc6 bxc6 17. Rfd1 Nb4 18. Qe2 Rab8 19. b3 Qg5 20. Rd2 Bg4 21. Qc4 Bh3 22. Qf1 Bc8 23. Qb1 Bh3 24. Qf1 Bc8 25. g3 Ba6 26. Qg2 f5 27. Na4 Rbd8 28. Nc5 {1-0 Muzychuk,M (2544)-Baciu,D (2293) BL 1718 (Women) 2017 (9.3)}) 14. Ng3 $146 ({RR} 14. a3 Nc7 15. h3 Bd7 16. Ng3 f5 17. Qb3+ Be6 18. Qxb7 Rab8 19. Qxc6 Rb6 20. Qa4 Rxb2 21. Rfb1 Reb8 22. Rxb2 Rxb2 23. Qxa7 g6 24. Rb1 Rxb1+ 25. Nxb1 Bc4 26. Nc3 Qd6 27. Qa5 Qc6 28. Qe5 Nd5 {1-0 Szoen,D (2441)-Sachsenhofer,M (2134) Donau op 15th 2006 (1)}) ({RR} 14. a3 Nc7 15. b4 f5 16. Rab1 Be6 17. Na4 Nb5 18. Qb2 Bc4 19. Rfe1 Qf7 20. Nac3 Nd6 21. a4 a5 22. b5 Qd7 23. bxc6 bxc6 24. Qb6 Bd3 25. Rbc1 Ra6 26. Qc5 Nb7 27. Qa3 Qf7 28. Qa2 Bc4 {0-1 Kratochvil,M (2058)-Novak,M (2125) CZE-chT2A 1112 2011 (9)}) 14... f5 15. f3 Nb4 16. Qb3+ Be6 17. Nxf5 Bxb3 18. Nxe7+ Rxe7 19. axb3 exf3 20. Ra4 fxg2 21. Rd1 Nc2 22. e4 Rf8 23. Raa1 Ref7 24. Kxg2 Rf2+ 25. Kg1 Nxa1 26. Rxa1 Rxb2 27. d5 cxd5 28. exd5 Rxb3 29. Ne4 Rd8 30. Rxa7 Rxd5 31. Kf2 Rh5 32. Kg2 Rb2+ 33. Kf3 Rhxh2 34. Nd6 b5 35. Nf5 Rhf2+ 36. Ke4 Rxf5 37. Kxf5 b4 38. Kg6 Rg2+ 39. Kf5 b3 40. Rb7 b2 41. Rb8+ Kh7 42. Rb7 h5 43. Rb4 g6+ 44. Kf6 Kh6 45. Rb8 Rf2+ 46. Ke5 h4 47. Ke4 Kg5 48. Ke3 Rg2 49. Kf3 h3 50. Rb5+ Kh6 51. Rb8 Rc2 0-1

[Event "45th Olympiad 2024"]
[Site "Budapest HUN"]
[Date "2024.09.11"]
[Round "1.77"]
[Board "1"]
[White "Celis, Joel"]
[Black "Middelburg, Tom"]
[Result "1/2-1/2"]
[WhiteElo "1929"]
[BlackElo "2355"]
[PlyCount "86"]
[EventDate "2024.09.11"]
[WhiteTeam "Macau, China"]
[BlackTeam "New Zealand"]
[BlackTeamCountry "NZL"]

1. e4 c6 2. d4 d5 3. exd5 cxd5 4. Nf3 Nc6 5. c3 Nf6 6. Bd3 g6 7. O-O Bg7 8. Re1 O-O 9. h3 Bf5 10. Bxf5 gxf5 11. Bg5 ({RR} 11. Nbd2 Ne4 12. Nf1 e6 13. Bf4 Kh8 14. Ne5 Nxe5 15. Bxe5 Bxe5 16. dxe5 Rg8 17. Qd4 Qh4 18. Kh2 Qxf2 19. Qxf2 Nxf2 20. Nd2 Nd3 21. Re2 Rg7 22. Nf3 Rag8 23. Rd2 Nf4 24. Rg1 Rg3 25. Rf2 Nd3 {0-1 Paravyan,D (2610)-Nakamura,H (2794) Bullet Chess Winners 2024 (2.2)}) ({RR} 11. Ne5 e6 12. Bg5 Kh8 13. Nd2 Qc7 14. Bxf6 Bxf6 15. f4 Bxe5 16. fxe5 Rg8 17. Qh5 Rg6 18. Nf3 Rag8 19. Re2 Ne7 20. Rf1 Qc4 21. Ref2 R8g7 22. a3 Ng8 23. Nd2 Qb5 24. b3 Rg5 25. Qe2 Qb6 {0-1 Hon,E (1897)-Valle Luis,L (2257) Titled Tue 9th Jan Early 2024 (2)}) 11... Ne4 12. Qc1 $146 ({RR} 12. Bh4 Qb6 13. Qb3 Qxb3 14. axb3 a5 15. Ne5 Nxe5 16. dxe5 Rfe8 17. f3 Nc5 18. Na3 Nxb3 19. Rad1 e6 20. Nb5 Rec8 21. Bf2 Bf8 22. Bd4 Nxd4 23. Nxd4 Bc5 24. Kh2 Bxd4 25. Rxd4 b5 26. g4 fxg4 {½-½ Eger,L (1767)-Nunes,A (1797) BRA-ch (Women) 60th 2021 (6)}) ({RR} 12. Bh4 Qd6 13. Ng5 Qh6 14. Nxe4 Qxh4 15. Ng3 e6 16. Nd2 Kh8 17. Qh5 Qf6 18. Nf3 Bh6 19. Qh4 Qxh4 20. Nxh4 Rg8 21. Nf3 Rg6 22. Re2 Rag8 23. Nh4 Rg5 24. Nf3 R5g7 25. Ne1 Rg6 26. Nh5 f4 {0-1 Kareem,H (1967)-Kanyamarala,T (2369) Online Olym Div3 B rapid 2021 (4.1)}) 12... f6 13. Bh6 e6 14. Na3 Rc8 15. Nc2 b5 16. Bxg7 Kxg7 17. Qf4 Ne7 18. a4 bxa4 19. Rxa4 Qb6 20. Rb4 Qc7 21. Qxc7 Rxc7 22. Ra1 Nc6 23. Rb3 Rb8 24. Rxb8 Nxb8 25. Nb4 Rb7 26. Ne1 Kf7 27. Ned3 Re7 28. f3 Nd6 29. Kf2 Nc4 30. b3 Nd6 31. Ra5 Rc7 32. Nc5 Nc8 33. Ke3 Nc6 34. Nxc6 Rxc6 35. b4 Ke7 36. Kd3 Kd6 37. b5 Rb6 38. c4 dxc4+ 39. Kxc4 Ke7 40. Na6 Nd6+ 41. Kb4 Nb7 42. Ra2 Nd6 43. Ra5 Ke8 1/2-1/2

[Event "45th Olympiad 2024"]
[Site "Budapest HUN"]
[Date "2024.09.11"]
[Round "1.78"]
[Board "2"]
[White "Omar, Aden Omar"]
[Black "Toczek, Grzegorz"]
[Result "1/2-1/2"]
[WhiteElo "1779"]
[BlackElo "2301"]
[PlyCount "114"]
[EventDate "2024.09.11"]
[WhiteTeam "Djibouti"]
[BlackTeam "Wales"]
[WhiteTeamCountry "DJI"]
[BlackTeamCountry "WLS"]

1. e4 c6 2. d4 d5 3. Nc3 dxe4 4. Nxe4 Nf6 5. Nxf6+ exf6 6. Bd3 Qxd4 7. Nf3 Qd5 ({RR} 7... Qd8 8. O-O Be7 9. Re1 Be6 10. Nd4 Qxd4 11. Rxe6 Nd7 12. Re4 Qd5 13. Qe2 Ne5 14. f4 Ng6 15. f5 Ne5 16. Bf4 Bd6 17. Bc4 Qa5 18. b4 Qc7 19. Bb3 O-O-O 20. c4 Bxb4 21. Kh1 Rhe8 22. Qh5 {0-1 Papayan,O (2184)-Kollars,D (2648) Titled Tue 7th May Late 2024 (2)}) 8. O-O Be6 9. Re1 Nd7 10. Bf4 $146 ({RR} 10. Qe2 Be7 11. Bf4 O-O 12. Rad1 Qh5 13. Bc4 Nc5 14. b4 Bxc4 15. Qxc4 Ne6 16. Rd7 b5 17. Qxc6 Bxb4 18. Rxe6 fxe6 19. Qb7 Rad8 20. Rxg7+ Kh8 21. h4 Rg8 22. Rxg8+ Kxg8 23. Qe4 Bc5 24. Qxe6+ Qf7 {½-½ Christiansen,J (2620)-Diermair,A (2476) Trieste op 23rd 2021 (7)}) ({RR} 10. Qe2 Be7 11. b3 Ne5 12. Nxe5 Qxe5 13. Qxe5 fxe5 {½-½ Safarli,E (2616)-Vallejo Pons,F (2716) 3rd elllobregat Open 2022 (4.1)}) ({RR} 10. c4 Qd6 11. b4 Qxb4 12. Nd4 Ne5 13. Nxe6 fxe6 14. Bf1 Rd8 15. Qh5+ g6 16. Qe2 Bc5 17. Bh6 Rd7 18. Kh1 Be7 19. Rad1 Rxd1 20. Rxd1 Qa4 21. Re1 Qb4 22. Rd1 Qa4 23. Re1 Bb4 24. Rb1 Kf7 {½-½ Guseinov,G (2636)-Anton Guijarro,D (2670) World Blitz 2023 (7.22)}) 10... Nc5 11. Bf1 O-O-O 12. Qe2 Be7 13. a4 Rhe8 14. b4 Nd7 15. Qa6 Bd6 16. Bxd6 Qxd6 17. Qxa7 Qb8 18. Qd4 Ne5 19. Qc3 Bd5 20. Nd4 Qd6 21. b5 Kb8 22. Reb1 c5 23. Nf5 Qd7 24. Ne3 Be6 25. b6 Qd4 26. Qa3 Nc4 27. Bxc4 Bxc4 28. c3 Qf4 29. Qxc5 Ba6 30. Rd1 Qe5 31. Qb4 f5 32. c4 f4 33. Nd5 f3 34. Nc7 Qg5 35. g3 Rxd1+ 36. Rxd1 Rd8 37. Nxa6+ bxa6 38. Qb3 Rxd1+ 39. Qxd1 Qf6 40. h3 Qxb6 41. Qxf3 Qe6 42. c5 Kc7 43. Kh2 g6 44. Qc3 h5 45. Qa5+ Kb7 46. Qb4+ Kc6 47. a5 Kd5 48. Qb6 Qc6 49. g4 hxg4 50. hxg4 Qxc5 51. Qb7+ Ke5 52. Qxf7 Qxa5 53. Qe7+ Kf4 54. Qf6+ Kxg4 55. Qxg6+ Kf4 56. Qf6+ Qf5 57. Qxa6 Ke5 1/2-1/2

[Event "45th Olympiad 2024"]
[Site "Budapest HUN"]
[Date "2024.09.11"]
[Round "1.78"]
[Board "3"]
[White "Blackburn, Jonathan L B"]
[Black "Mohamed, Ali Dima"]
[Result "1-0"]
[WhiteElo "2202"]
[BlackElo "1761"]
[PlyCount "51"]
[EventDate "2024.09.11"]
[WhiteTeam "Wales"]
[BlackTeam "Djibouti"]
[WhiteTeamCountry "WLS"]
[BlackTeamCountry "DJI"]

1. d4 e6 2. c4 b6 3. Nf3 Bb7 4. g3 g6 5. Bg2 d6 ({RR} 5... Bg7 6. O-O Ne7 7. Nc3 d6 8. e4 Nd7 9. Be3 O-O 10. Re1 e5 11. Qd2 c5 12. d5 Nf6 13. h3 Ba6 14. b3 Bc8 15. Rab1 Kh8 16. a3 Nh5 17. b4 f5 18. bxc5 bxc5 19. Ne2 Ng8 20. Rb3 {1-0 LCZero 0.31-dag-5107404-T2-52 (3633)-KomodoDragon 3.2 (3587) TCEC 25 Premier P/O 2023 (14.1)}) ({RR} 5... Bg7 6. O-O Nf6 7. Nc3 Ne4 8. Bd2 O-O 9. Qc2 Nxc3 10. Bxc3 d5 11. cxd5 exd5 12. Rac1 Re8 13. Rfd1 Nd7 14. b4 c6 15. e3 b5 16. Qb1 Qe7 17. a3 f5 18. Ne1 Qf7 19. Nd3 Bf8 20. Rc2 {1-0 Barria Zuniga,D (2341)-Lorenzo de la Riva,L (2419) Titled Tue 23rd Jul Late 2024 (5)}) 6. Nc3 Nd7 7. O-O Bg7 8. Rb1 $146 ({RR} 8. e4 Ngf6 9. Re1 O-O 10. h3 c5 11. e5 Ne8 12. exd6 Nxd6 13. d5 e5 14. Bf1 Re8 15. Ng5 Nf6 16. Rb1 Bc8 17. Ra1 {½-½ Simon del Sol,J (2007)-Arimany Sala,J (1856) Moia op 1st 2013 (3)}) ({RR} 8. e4 Ne7 9. Be3 O-O 10. Qd2 Re8 11. Bh6 Bh8 12. d5 e5 13. Ng5 Bg7 14. Bxg7 Kxg7 15. f4 h6 16. Nf3 Nc8 17. Bh3 f6 18. Rf2 Ne7 19. Raf1 Ng8 20. Be6 Qe7 21. Nh4 Kh7 22. Nb5 Nc5 {1-0 Mueller,A (2080)-Scheynin,J (2072) BL 0304 (Women) 2003 (9.6)}) 8... Ne7 9. e4 h6 10. Be3 a6 11. Qd2 g5 12. h4 g4 13. Nh2 h5 14. f3 f5 15. fxg4 fxg4 16. Rf2 c5 17. dxc5 dxc5 18. Qd6 Nf8 19. Qf4 Bxc3 20. bxc3 Nf5 21. exf5 Qd3 22. Bxb7 Qxb1+ 23. Rf1 Qxf5 24. Qd6 Rd8 25. Bc6+ Kf7 26. Qxd8 1-0

[Event "45th Olympiad 2024"]
[Site "Budapest HUN"]
[Date "2024.09.11"]
[Round "1.79"]
[Board "1"]
[White "Enemchukwu Chinedu Benjamin"]
[Black "Barrish, Daniel"]
[Result "1/2-1/2"]
[WhiteElo "2001"]
[BlackElo "2281"]
[PlyCount "127"]
[EventDate "2024.09.11"]
[WhiteTeam "Saint Vincent and the Grenadines"]
[BlackTeam "South Africa"]
[BlackTeamCountry "RSA"]

1. e4 c6 2. d4 d5 3. Nc3 dxe4 4. f3 exf3 5. Nxf3 Nf6 6. Bc4 Bf5 7. O-O e6 8. Ne5 Bg6 9. Nxg6 ({RR} 9. g4 Nbd7 10. Nxg6 hxg6 11. g5 Qc7 12. Rf2 Bd6 13. Qe2 Nh5 14. Ne4 Nb6 15. Bb3 O-O 16. Nxd6 Qxd6 17. Be3 Nd5 18. Raf1 Ng3 19. hxg3 Qxg3+ 20. Kh1 Nxe3 21. Re1 Nf5 22. Bxe6 fxe6 23. Qxe6+ Rf7 {0-1 Curi,G (2264)-Zelcic,R (2531) Olympiad-36 Mallorca 2004 (8)}) ({RR} 9. Ne2 Nbd7 10. Nxg6 hxg6 11. Nf4 Qc7 12. g3 O-O-O 13. Qe1 Nb6 14. Bb3 Rxd4 15. c3 Re4 16. Qd1 Bc5+ 17. Kg2 Qe5 18. Qf3 g5 19. Nd3 Re2+ 20. Nf2 g4 21. Qf4 Qxf4 22. Bxf4 Ne4 23. Bd1 Rxf2+ {0-1 Meduri,A (1956)-Pham Le Thao Nguyen (2395) Titled Tue 9th Jan Late 2024 (8)}) 9... hxg6 10. h3 $146 ({RR} 10. Ne2 Be7 11. Nf4 Qd6 12. g3 Nbd7 13. c3 Nb6 14. Be2 Nbd5 15. c4 Nxf4 16. Bxf4 Qd7 17. Bf3 O-O 18. Rc1 Rfd8 19. d5 exd5 20. cxd5 Nxd5 21. Bg4 f5 22. Be2 Nxf4 23. gxf4 Qxd1 24. Bxd1 Kf7 {½-½ Postupalsky,M (2135)-Gorodetsky,A (2096) Tula Region-ch op 2008 (6)}) ({RR} 10. Be3 Bd6 11. g3 Nbd7 12. Qe2 Qc7 13. d5 Bxg3 14. hxg3 Qxg3+ 15. Qg2 Qxe3+ 16. Rf2 cxd5 17. Bb5 O-O-O 18. Kf1 Ne5 19. Re1 Qd4 20. Rd1 Qc5 21. Be2 Rh4 22. Ke1 Qe3 23. Nb5 Nfg4 24. Rf1 Rh2 {0-1 Burke,P-Avazkhonov,A (1538) Titled Tuesday intern op 08th Mar Late blitz 2022 (5)}) 10... Nbd7 11. a4 Bd6 12. Be3 O-O 13. Qe1 Nd5 14. Nxd5 exd5 15. Bd3 Bc7 16. Qf2 Nf6 17. Qh4 Ne4 18. Qxd8 Raxd8 19. Bxe4 dxe4 20. c3 f5 21. Rae1 f4 22. Bc1 Rde8 23. g3 fxg3 24. Rxf8+ Kxf8 25. Kg2 Re7 26. Bg5 Rf7 27. Re2 Rf5 28. Bd2 b5 29. axb5 Rxb5 30. Bc1 Rf5 31. Bd2 a5 32. Be1 Rb5 33. b4 axb4 34. cxb4 Kf7 35. Rxe4 Bd6 36. Re3 g5 37. Bxg3 Bxb4 38. Kf3 Ra5 39. Re5 Ra3+ 40. Re3 Ra4 41. Kg4 c5 42. Re4 Bc3 43. Kxg5 Rxd4 44. Rxd4 Bxd4 45. Kf5 g6+ 46. Ke4 Ke6 47. Bf4 Bf6 48. Be3 Kd6 49. Bf2 Kc6 50. h4 c4 51. Be1 Kd6 52. Bb4+ Ke6 53. Be1 c3 54. h5 g5 55. h6 Be5 56. h7 c2 57. Bd2 g4 58. Kd3 Kf7 59. Kxc2 Kg7 60. Kd3 Kxh7 61. Ke4 Bd6 62. Bf4 Bxf4 63. Kxf4 Kg6 64. Kxg4 1/2-1/2

[Event "45th Olympiad 2024"]
[Site "Budapest HUN"]
[Date "2024.09.11"]
[Round "1.79"]
[Board "3"]
[White "Schneider, James U"]
[Black "Levitan, Caleb Levi"]
[Result "0-1"]
[WhiteElo "1486"]
[BlackElo "2193"]
[PlyCount "38"]
[EventDate "2024.09.11"]
[WhiteTeam "Saint Vincent and the Grenadines"]
[BlackTeam "South Africa"]
[BlackTeamCountry "RSA"]

1. e4 c5 2. Nc3 e6 3. Nf3 Nc6 4. d4 cxd4 5. Nxd4 Nf6 6. Be3 Bb4 7. f3 O-O 8. Be2 d5 9. Nxc6 bxc6 10. e5 Nd7 11. f4 c5 12. Bd2 d4 $146 ({RR} 12... f6 13. exf6 Nxf6 14. O-O Rb8 15. b3 Bd7 16. Nb1 Ne4 17. Bxb4 Rxb4 18. c4 Qf6 19. Nd2 Qd4+ 20. Kh1 Nxd2 21. Re1 dxc4 22. Bxc4 Nxc4 23. bxc4 Rxc4 24. Qxd4 cxd4 25. g3 Bc6+ {0-1 Andersson,C (1483)-Ostberg,P (2250) SWE AM2001 Sweden (3)}) ({RR} 12... a6 13. O-O Bb7 14. a3 Ba5 15. Bd3 c4 16. Bxh7+ Kxh7 17. Qh5+ Kg8 18. Rf3 Re8 19. Rh3 f5 20. Qh7+ Kf7 21. Qh5+ Kg8 22. Qh7+ Kf7 23. Rg3 Rg8 24. b4 Bb6+ 25. Kh1 Nf8 26. Qh5+ g6 27. Qh3 {½-½ Wrzesinski,P (1800)-Tarkowski,M (1800) Torun op 2002 (9)}) 13. Nb5 Bxd2+ 14. Qxd2 f6 15. Bc4 fxe5 16. Bxe6+ Kh8 17. fxe5 Qh4+ 18. g3 Qe4+ 19. Qe2 Qxh1+ 0-1

[Event "45th Olympiad 2024"]
[Site "Budapest HUN"]
[Date "2024.09.11"]
[Round "1.80"]
[Board "1"]
[White "Arab, Adlane"]
[Black "Koumba, Mounguen Jose Evrard"]
[Result "1-0"]
[WhiteElo "2477"]
[BlackElo "1957"]
[PlyCount "101"]
[EventDate "2024.09.11"]
[WhiteTeam "Algeria"]
[BlackTeam "Gabon"]
[WhiteTeamCountry "ALG"]
[BlackTeamCountry "GAB"]

1. d4 Nf6 2. c4 g6 3. Nc3 c5 4. d5 Bg7 5. e4 d6 6. Bd3 O-O 7. h3 e6 8. Nf3 exd5 9. cxd5 b5 10. Nxb5 Re8 11. O-O Nxe4 12. Re1 a6 13. Na3 f5 ({RR} 13... Nf6 14. Nc4 Bb7 15. Bf4 Rxe1+ 16. Qxe1 Bxd5 17. Nxd6 Nc6 18. Rc1 Bxf3 19. gxf3 Nd4 20. Be4 Nxe4 21. Qxe4 Qf6 22. Kf1 Rd8 23. Nb7 Rf8 24. Nxc5 g5 25. Bg3 Nxf3 26. Kg2 Nh4+ 27. Bxh4 gxh4 28. Rc4 {½-½ De Souza,C (2018)-Valle Luis,L (2252) Titled Tue 20th Feb Early 2024 (4)}) 14. Nc4 Nf6 15. Rxe8+ Nxe8 16. Bg5 $146 ({RR} 16. Bf4 Bb7 17. Bc2 Qe7 18. Qd2 Nd7 19. Re1 Qf7 20. Bb3 Ndf6 21. Ng5 Qxd5 22. Nb6 Qxb3 23. axb3 d5 24. Nxa8 Bxa8 25. Qa5 Ne4 26. Qd8 Bc6 27. Qe7 d4 28. Qe6+ Kh8 29. Nf7+ Kg8 30. Nh6+ {1-0 Ross,N (1777)-Jayakumar,N (1613) Hofheim Spring op-B 1st 2013 (5)}) 16... Nf6 17. Qb3 Nbd7 18. Re1 Rb8 19. Qd1 Nb6 20. Na5 Bd7 21. b3 Qc7 22. Qd2 Re8 23. Rxe8+ Bxe8 24. Bxf6 Bxf6 25. Bxa6 Bf7 26. Bc4 Qe7 27. Qd3 Qe4 28. a4 Qxd3 29. Bxd3 Bxd5 30. Nc4 Nxc4 31. Bxc4 Bxc4 32. bxc4 Bc3 33. Kf1 Kf8 34. Ke2 Ke7 35. Kd3 Bf6 36. g4 Kd7 37. gxf5 gxf5 38. Ke3 Be5 39. Nh4 Bd4+ 40. Kf3 f4 41. Ng2 Kc6 42. Nxf4 Kb6 43. Ne6 Bb2 44. Ke4 Kc6 45. a5 Bc3 46. a6 Bf6 47. f4 Kb6 48. Ng5 Kxa6 49. Nxh7 Be7 50. f5 Ka5 51. f6 1-0

[Event "45th Olympiad 2024"]
[Site "Budapest HUN"]
[Date "2024.09.11"]
[Round "1.82"]
[Board "2"]
[White "Potter, Simon"]
[Black "Sapalo, Gabriel"]
[Result "0-1"]
[WhiteElo "1663"]
[BlackElo "2058"]
[PlyCount "75"]
[EventDate "2024.09.11"]
[WhiteTeam "British Virgin Islands"]
[BlackTeam "Angola"]
[WhiteTeamCountry "IVB"]
[BlackTeamCountry "ANG"]

1. e4 c5 2. Nf3 d6 3. Bc4 e6 4. a3 a6 5. d3 Nc6 6. O-O Nf6 7. Nc3 Be7 8. Ne2 $146 ({RR} 8. Bf4 O-O 9. d4 cxd4 10. Nxd4 Nxe4 11. Nxc6 bxc6 12. Ne2 d5 13. Bd3 Nf6 14. Be5 Bd6 15. Bd4 e5 16. Bc3 e4 17. Ng3 exd3 18. Qxd3 Bxg3 19. fxg3 Ne4 20. Be5 Bb7 21. Rf4 Qb6+ 22. Kf1 a5 {0-1 Brugnolo,P (1498)-De Polzer,M (1697) EU-ch Seniors 11th 2011 (3)}) ({RR} 8. Ba2 O-O 9. Bg5 b5 10. Re1 h6 11. Bh4 Qc7 12. Qe2 Bb7 13. e5 dxe5 14. Nxe5 Nxe5 15. Qxe5 Bd6 16. Qe3 Bxh2+ 17. Kf1 Bf4 18. Qh3 Nh7 19. Ne4 Bxe4 20. Rxe4 Ng5 21. Bxg5 Bxg5 22. g3 Bf6 {0-1 Crocetta,F-Mogranzini,R ITA-ch U18 Italy 1996}) 8... b5 9. Ba2 d5 10. exd5 Nxd5 11. Ng3 O-O 12. Bd2 Bb7 13. Re1 Rc8 14. Ne5 Nxe5 15. Rxe5 Bf6 16. Rh5 Bxb2 17. Rb1 Nc3 18. Bxc3 Bxc3 19. Qg4 g6 20. Rh3 Bg7 21. Ne2 Bd5 22. Bxd5 Qxd5 23. Re1 Qa2 24. Nf4 e5 25. Nh5 gxh5 26. Rxh5 Rc6 27. h3 Rg6 28. Qf3 Qxc2 29. Qe4 Rd8 30. Re3 Qd1+ 31. Kh2 Qxh5 32. Qb7 Qg5 33. Re2 f5 34. f3 Rxd3 35. Qc8+ Rd8 36. Qxc5 Qg3+ 37. Kh1 Rd1+ 38. Qg1 0-1

[Event "45th Olympiad 2024"]
[Site "Budapest HUN"]
[Date "2024.09.11"]
[Round "1.82"]
[Board "3"]
[White "Silva, David"]
[Black "Samuel, Jhon"]
[Result "1-0"]
[WhiteElo "2363"]
[BlackElo "1545"]
[PlyCount "55"]
[EventDate "2024.09.11"]
[WhiteTeam "Angola"]
[BlackTeam "British Virgin Islands"]
[WhiteTeamCountry "ANG"]
[BlackTeamCountry "IVB"]

1. e4 c6 2. Nc3 d5 3. Nf3 Bg4 4. h3 Bxf3 5. Qxf3 d4 6. Ne2 e5 7. Ng3 Qf6 ({RR} 7... g6 8. Bc4 Nf6 9. O-O Bg7 10. d3 O-O 11. Qe2 Nbd7 12. f4 exf4 13. Bxf4 b5 14. Bb3 Nc5 15. Qf3 Nfd7 16. Ne2 a5 17. a3 Nxb3 18. cxb3 Nc5 19. Rac1 Nxb3 20. Rxc6 Rc8 21. Rxc8 Qxc8 22. Nc1 {½-½ Leko,P (2460)-Brandics,J (2335) Kecskemet6 1992}) ({RR} 7... Nf6 8. Bc4 b5 9. Bb3 Nbd7 10. d3 Nc5 11. Bg5 a5 12. Bxf6 Qxf6 13. Qxf6 gxf6 14. a3 Nxb3 15. cxb3 Rg8 16. Kf1 Kd7 17. Nf5 a4 18. b4 c5 19. bxc5 Bxc5 20. Rc1 Rgc8 21. Ke2 b4 22. axb4 {1-0 Crevatin,L (2260)-Jovic,S (2097) Titled Tue 16th Apr Early 2024 (4)}) 8. Qb3 Qe7 $146 ({RR} 8... b6 9. a4 Nd7 10. Bc4 Nc5 11. Qa2 a5 12. d3 h5 13. O-O h4 14. Ne2 g5 15. c3 dxc3 16. bxc3 g4 17. hxg4 h3 18. g5 Qg6 19. g3 h2+ 20. Kh1 Qh5 21. f3 Be7 22. f4 O-O-O 23. Bxf7 {1-0 Liwak,P (2342)-Ng,G (2213) Titled Tue 2nd May Early 2023 (10)}) ({RR} 8... b6 9. a4 Bc5 10. Bd3 Ne7 11. O-O O-O 12. Bc4 Nd7 13. d3 a6 14. Qa2 Qg6 15. Bd2 Kh8 16. Rae1 h5 17. Kh2 h4 18. Ne2 f5 19. exf5 Nxf5 20. Ng1 Bd6 21. Kh1 e4 22. Ne2 e3 23. fxe3 {0-1 Corral,C (1922)-Vaas,A (1761) Mittelfranken-chTB2a 1314 2013 (4.3)}) 9. Nf5 Qd7 10. Qg3 f6 11. Bc4 g6 12. Nh4 Ne7 13. d3 Na6 14. a3 Nc7 15. f4 Bg7 16. fxe5 fxe5 17. O-O Ne6 18. Bd2 O-O-O 19. Rf7 Rhf8 20. Bxe6 Qxe6 21. Rxg7 Rf7 22. Rxf7 Qxf7 23. Qxe5 Rf8 24. Qxd4 b6 25. Nf3 Qf6 26. Qxf6 Rxf6 27. Bg5 Rf7 28. Ne5 1-0